Statystyki dla Flagi państw obu Ameryk (Bardzo Trudne)

Kliknij tutaj aby rozwiązać quiz!

Ogólne statystyki

  • Ten quiz został rozwiązany 75 razy
    (17 od ostatniego zresetowania)
  • Średni wynik to 26 z 57

Statystyki odpowiedzi

Odpowiedź% Poprawnych
Barbados
67%
Chile
58%
Dominika
58%
Ekwador
58%
Gwatemala
58%
Haiti
58%
Jamajka
58%
Kuba
58%
Paragwaj
58%
Saba
58%
Saint Lucia
58%
Salwador
58%
Surinam
58%
Wenezuela
58%
Antigua i Barbuda
50%
Argentyna
50%
Belize
50%
Bermudy
50%
Brazylia
50%
Falklandy
50%
Grenada
50%
Grenlandia
50%
Gujana
50%
Honduras
50%
Kanada
50%
Kolumbia
50%
Kostaryka
50%
Martynika
50%
Meksyk
50%
Montserrat
50%
Nikaragua
50%
Panama
50%
Trynidad i Tobago
50%
Urugwaj
50%
Bahamy
42%
Brytyjskie Wyspy Dziewicze
42%
Curaçao
42%
Dominikana
42%
Peru
42%
Portoryko
42%
Saint Kitts i Nevis
42%
Saint Vincent i Grenadyny
42%
Stany Zjednoczone
42%
Wyspy Dziewicze Stanów Zjednoczonych
42%
Aruba
33%
Boliwia
33%
Bonaire
33%
Gwadelupa
33%
Kajmany
33%
Saint-Barthélemy
33%
Saint-Pierre i Miquelon
33%
Sint Maarten
33%
Turks i Caicos
33%
Gujana Francuska
25%
Saint-Martin
25%
Anguilla
17%
Sint Eustatius
17%

Rozkład punktacji

Percentyl według liczby udzielonych odpowiedzi

Procent ludzi z każdym wynikiem

Twoja historia wyników

Nie rozwiązałeś tego quizu od ostatniego zresetowania